Secondary School Teaching Methods (Record no. 2398)

MARC details
005 - DATE AND TIME OF LATEST TRANSACTION
control field 20250516115438.0
082 ## - DEWEY DECIMAL CLASSIFICATION NUMBER
Classification number LECT 371.3 CLA
100 ## - MAIN ENTRY--PERSONAL NAME
Author name CLARK, L. H.
245 ## - TITLE STATEMENT
Title Secondary School Teaching Methods
250 ## - EDITION STATEMENT
Edition statement 2nd Ed.
260 ## - PUBLICATION, DISTRIBUTION, ETC.
Place of publication, distribution, etc. New York,
Name of publisher, distributor, etc. Macmillan Company,
Date of publication, distribution, etc. 1967.
300 ## - PHYSICAL DESCRIPTION
Extent x, 501p.: ill.; figure, picture, table.
Other physical details Index.
Dimensions 24cm.
700 ## - ADDED ENTRY--PERSONAL NAME
Other authors/Editors STARR, I. S.
942 ## - ADDED ENTRY ELEMENTS (KOHA)
Source of classification or shelving scheme Dewey Decimal Classification
Koha item type Books
Holdings
Date last seen Total checkouts Full call number Barcode Cost, replacement price Price effective from Koha item type Lost status Source of classification or shelving scheme Damaged status Not for loan Withdrawn status Home library Current library Shelving location Date acquired Cost, normal purchase price
05/16/2025   LECT 371.3 CLA 0000009019 30000.00 05/16/2025 Books   Dewey Decimal Classification       College of Business Education Main Library College of Business Education Main Library General Collection 04/07/1973 10000.00